| 000 | 00844cab a22002415a 4500 | ||
|---|---|---|---|
| 001 | L159973 | ||
| 008 | 150113e2016 xxk 000 0 eng d | ||
| 035 | _a(Sirsi) u159973 | ||
| 041 | 0 | _aeng | |
| 050 | _218 | ||
| 100 | 1 | _aHaynes, Claire | |
| 100 | 2 | _aGarthwaite, Helen | |
| 245 | 0 | 0 |
_aEnabling a superfast future _h[electronic resource] |
| 260 |
_aLondon _bRICS _c2016 |
||
| 490 |
_aRICS Building Surveying Journal _vOctober 2016 - November 2016, 5(1) |
||
| 520 | _aHighlights the importance of sustainable digital infrastructure for broadband connectivity. | ||
| 650 | 2 | 4 | _aDIGITAL TECHNOLOGY |
| 650 | 2 | 4 | _aCONNECTIVITY |
| 650 | 2 | 4 | _aBROADBAND |
| 690 |
_aInfrastructure _96246 |
||
| 856 | 4 | 0 |
_uhttps://www.rics.org/Global/BSJ-BCJ%20Oct%20Nov%202016%20Interactive.pdf _zView the article free of charge at www.rics.org... |
| 942 | _n0 | ||
| 999 |
_c85094 _d85094 |
||